[Event "Asian Continental (Women) op 20th"]
[Site "Almaty"]
[Date "2023.06.10"]
[Round "8"]
[White "Shih, Ching An"]
[Black "Ospanova, Adelya"]
[Result "1-0"]
[WhiteElo "1578"]
[BlackElo "1421"]
[PlyCount "113"]
[EventDate "2023.06.04"]
[EventType "swiss"]
[EventRounds "9"]
[EventCountry "KAZ"]
[SourceTitle "CBM 214 Extra"]
[Source "ChessBase"]
[SourceDate "2023.07.31"]
[SourceVersion "1"]
[SourceVersionDate "2023.07.31"]
[SourceQuality "1"]

1. Nf3 Nf6 2. c4 e6 3. d4 Bb4+ 4. Bd2 Bxd2+ 5. Nbxd2 d5 6. e3 b6 7. Bd3 Bb7 8. 0-0 0-0 9. Rc1 dxc4 10. Nxc4 Nbd7 11. Qe2 Nd5 12. Rfd1 Qe7 13. Nce5 Nxe5 14. Nxe5 Rfc8 15. a3 c5 16. dxc5 Rxc5 17. Rxc5 bxc5 18. Rc1 Qc7 19. Nf3 g6 20. b4 Rd8 21. Rxc5 Qd6 22. Ne1 Nf6 23. f3 Nd7 24. Rc4 Qe5 25. Rd4 Qf6 26. Bb5 Nb6 27. Rxd8+ Qxd8 28. Qd3 Qc8 29. Qc2 Qd8 30. Nd3 Qg5 31. Qc5 Qd8 32. e4 a6 33. Bc4 Na4 34. Qe3 Qc7 35. Nc5 Nxc5 36. Qxc5 Qxc5+ 37. bxc5 Kf8 38. Kf2 Ke7 39. Ke3 f6 40. f4 Kd7 41. g3 Bc8 42. Kd4 Kc6 43. Bd3 Bb7 44. Bc4 Bc8 45. Be2 Bb7 46. e5 fxe5+ 47. Kxe5 Kxc5 48. Kxe6 Kd4 49. Kf6 Ke3 50. Bc4 Kf2 51. Kg7 a5 52. Kxh7 Be4 53. Kh6 Kg2 54. Kg5 Kxh2 55. g4 Kg3 56. f5 gxf5 57. gxf5 1-0